000 00410nam a22001457a 4500
008 230329b |||||||| |||| 00| 0 eng d
020 _a9780415773256.
050 _aB3258.H324 B365 2015.
100 _aBaynes,Kenneth
_933301
245 _aHabermas.
_cKenneth Baynes.
260 _aNew York:
_bRoutledge,
_c2015.
300 _axv;
_b255p,
_c22cm.
650 _aHabermas,Jurgen.
_919905
942 _2lcc
_cMONOGRAPH
999 _c131716
_d131716